Szczegóły MARC21

Upadłość spółdzielni mieszkaniowej, dewelopera i towarzystwa budownictwa społecznego : komentarz /

003 -Nazwa inst., której nr kontr. jest w polu 001 [,]
    • @
    • Nazwa instytucji, której n kontrolny jest w polu 001
    • NUKAT
005 -DATA I CZAS OSTATNIEJ MODYFIKACJI [,]
    • @
    • pole kontrolne
    • 20241231115606.0
020 -Międzynarod. znormalizowany nr książki - ISBN [ , ]
    • a
    • Numer ISBN
    • 9788325544164 Find
020 -Międzynarod. znormalizowany nr książki - ISBN [ , ]
    • a
    • Numer ISBN
    • 9788325544171 Find
    • q
    • Dopowiedzenie
    • e-book
040 -Instytucja sporządzająca opis [ , ]
    • a
    • Instytucja, która sporządziła opis (NP)
    • WR U/mt
    • c
    • Instytucja, która sporządziła rekord (NP)
    • WR U/mt
    • d
    • Instytucja, która zmodyfikowała rekord (P)
    • WR U/hb
    • d
    • Instytucja, która zmodyfikowała rekord (P)
    • WR U/mts
942 -Rodzaj dokumentu [ , ]
    • c
    • Rodzaj dokumentu
    • Książka
100 -Hasło główne - nazwa osobowa [1, ]
    • a
    • Nazwa osobowa (NP)
    • Gurgul, Stanisław.
    • 9
    • KHW
    • 9797
245 -Strefa tytułu i oznaczenia odpowiedzialności [1,0]
    • a
    • Tytuł
    • Upadłość spółdzielni mieszkaniowej, dewelopera i towarzystwa budownictwa społecznego : Find
    • b
    • Ciąg dalszy tytułu (NP)
    • komentarz / Find
    • c
    • Pozostałe elementy strefy tytułu i oznaczenia odpowiedzialności (NP)
    • Stanisław Gurgul.
250 -Strefa wydania [ , ]
    • a
    • Oznaczenie wydania (NP)
    • [Stan prawny na dzień 31.08.2012 r.].
260 -Strefa adresu wydawniczego [ , ]
    • a
    • Miejsce wydania (P)
    • Warszawa :
    • b
    • Nazwa wydawcy (P)
    • Wydawnictwo C. H. Beck,
    • c
    • Data wydania (P)
    • 2012.
300 -Strefa opisu fizycznego [ , ]
    • a
    • Określenie formy książki i/lub objętość (NP)
    • XXIV, 286 s. ;
    • c
    • Format (NP)
    • 20 cm.
336 -Typ zawartości [ , ]
    • a
    • Termin opisujący typ zawartości
    • Tekst
    • b
    • Kod określający zawartość
    • txt
    • 2
    • Źródło (terminu i kodu)
    • rdacontent
337 -Typ mediów [ , ]
    • a
    • Tryb odtwarzania
    • Bez urządzenia pośredniczącego
    • b
    • Kod typu mediów
    • n
    • 2
    • Źródło (terminu i kodu)
    • rdamedia
338 -Typ/rodzaj nośnika [ , ]
    • a
    • Hasło opisujące typ nośnika
    • Wolumin
    • b
    • Kod typu nośnika
    • nc
    • 2
    • Źródło (terminu i kodu)
    • rdacarrier
490 -Strefa serii i książki wielotomowej - forma nie do wyszukiwania [1, ]
    • a
    • Tytuł (P)
    • Krótkie Komentarze Becka Find
830 -Hasło dodatkowe serii i opisu książki wielotomowej - tytuł ujednolicony/tytuł [ ,0]
    • a
    • Tytuł ujednolicony/tytuł (NP)
    • Krótkie Komentarze Becka
    • 9
    • KHW
    • 161
500 -Uwaga ogólna [ , ]
    • a
    • Uwaga ogólna (NP)
    • Oznaczenie stanu prawnego we wstępie.
504 -Uwaga dot. bibliogr. załącznikowej [ , ]
    • a
    • Uwaga dot. bibliografii załącznikowej
    • Bibliogr. s. XXI-XXIV. Indeks.
521 -Uwaga dot. przeznaczenia czytelniczego [8, ]
    • a
    • Uwaga dot. przeznaczenia czytelniczego
    • Głównie dla sędziów, radców prawnych, adwokatów, notariuszy oraz pracowników firm deweloperskich, spółdzielni mieszkaniowych, towarzystw budownictwa społecznego i in.
080 -Uniwersalna Klasyfikacja Dziesiętna [ , ]
    • 2
    • Identyfikator wydania tablic
    • UDC-P058
    • 9
    • UKD
    • 3566
    • a
    • Symbol klasyfikacji
    • 347.736/.739
    • b
    • Dopowiedzenie
    • Upadłość. Zawieszenie wypłat. Niewypłacalność. Bankructwo. Likwidacja. Prawo układowe.
    • 4
    • UKD2
    • 7642
    • x
    • Poddział wspólny
    • (438)
    • c
    • Dopowiedzenie poddz. wspólnego
    • (Polska).
080 -Uniwersalna Klasyfikacja Dziesiętna [ , ]
    • 2
    • Identyfikator wydania tablic
    • UDC-P058
    • 9
    • UKD
    • 3530
    • a
    • Symbol klasyfikacji
    • 347.235
    • b
    • Dopowiedzenie
    • Własność gruntów. Nieruchomości.
    • 4
    • UKD2
    • 7642
    • x
    • Poddział wspólny
    • (438)
    • c
    • Dopowiedzenie poddz. wspólnego
    • (Polska).
650 -Hasło przedmiotowe [ ,7]
    • a
    • Hasło przedmiotowe
    • Mieszkanie
    • x
    • Określnik rzeczowy
    • prawo
    • x
    • Określnik rzeczowy
    • interpretacja
    • z
    • Określnik geograficzny
    • Polska
    • y
    • Określnik chronologiczny
    • 1990-.
    • 2
    • Źródło terminu
    • kaba
    • 9
    • KHW
    • 371072
650 -Hasło przedmiotowe [ ,7]
    • a
    • Hasło przedmiotowe
    • Upadłość
    • x
    • Określnik rzeczowy
    • interpretacja
    • z
    • Określnik geograficzny
    • Polska.
    • 2
    • Źródło terminu
    • kaba
    • 9
    • KHW
    • 359045
980 -Symbol UKD [ , ]
    • a
    • UKD
    • 347.736/.739:347.235](438)
710 -Hasło dodatkowe - nazwa ciała zbiorowego [2, ]
    • a
    • Nazwa ciała zbiorowego lub nazwa geograficzna jako pierwszy element (NP)
    • Wydawnictwo C.H. Beck.
    • 4
    • Kod relacji
    • pbl
    • 9
    • KHW
    • 52679
920 -ISBN [ , ]
    • a
    • ISBN
    • 978-83-255-4416-4 Find
920 -ISBN [ , ]
    • a
    • ISBN
    • 978-83-255-4417-1 Find
    • q
    • Dopowiedzenie
    • e-book
Numer inwentarzowy Sygnatura Data inwentaryzacji Lokalizacja Status udost.
SA.21535SA.215352013-01-03BSA1